LEADER 01110nam a2200265 i 4500 001 000000123286 003 CaOOAMICUS 005 20241004121150.0 008 040219s1964 it u000 u ita u 013 $a95982 040 $aSeMil$bita 245 10$a1: Libri storici /$ca cura di Enrico Galbiati ; con la collaborazione di Angelo Penna e Piero Rossano. 300 $aXL, 6 p. di tav. a colori, 24 in nero e 2 c. geografiche. 700 1 $aPenna, Angelo.$0(OLS)http://semarc/name/5352 700 1 $aGalbiati, Enrico Rodolfo,$c.$0(OLS)http://semarc/name/5351 700 1 $aRossano, Piero,$c.$0(OLS)http://semarc/name/4098 773 0 $tAntico Testamento.$dTorino : Unione Tipografico-Editrice Torinese, 1964.$gVolume1$w()11056 850 $aSeMil 852 $aSeMil$W1$xVenegono$y1$m2VA V 1$j251361$B78029$CSeMilBibl$Z2$F80214 $81 900 1 $aGalbiati, Enrico. 900 1 $aRossano, Pietro. 996 $6245$a1: Libri storici$9(OLS)http://semarc/title/450578 LEADER 01321nam a2200277 i 4500 001 000000000920 003 CaOOAMICUS 005 20260423101615.0 008 180830s1992 it u000 u ita u 020 $a88-372-1484-7 040 $aSeMil$bita 240 14$aDas Evangelium nach Matthäus.$0(OLS)http://semarc/title/1444 245 13$aIl Vangelo secondo Matteo /$ctradotto e commentato da Alexander Sand ; [traduzione di Luigi Bianchi]. 260 $aBrescia :$bMorcelliana,$c1992. 300 $a2 v. ;$c23 cm. 490 1 $aIl Nuovo Testamento commentato 650 4$aBibbia. Nuovo Testamento. Vangelo secondo Matteo - Commentari, studi, critica, interpretazioni.$0(OLS)http://semarc/subject/32 700 1 $aSand, Alexander <1928- >.$0(OLS)http://semarc/name/785 700 1 $aBianchi, Luigi.$0(OLS)http://semarc/name/786 774 0 $tMatteo 1,1-16,20.$dBrescia : Morcelliana, 1992.$gVol.1$w()159541 774 0 $tMatteo 16,21-28,20.$dBrescia : Morcelliana, 1992.$gVol.2$w()159542 830 3$aIl Nuovo Testamento commentato.$0(OLS)http://semarc/title/2670 996 $6020$a88-372-1484-7$9(OLS)http://semarc/number/69 996 $6245$aIl Vangelo secondo Matteo$9(OLS)http://semarc/title/1443 996 $6260$aBrescia :$bMorcelliana$9(OLS)http://semarc/publisher/29629